000 00664nam a22002537a 4500
003 UA-OsUOA
001 110111
007 ta
008 20150218b un ||||| |||| 00| 0 ukr d
100 _aЧистяк Д.
090 _a821.161.2
_bЧ-68
942 _cBK
040 _aUA-OsUOA
_bukr
_cUA-OsUOA
_dUA-OsUOA
245 _aНадсадний сад
_bпоезія
300 _a71 с.
955 _a3
041 _aukr
080 _a821.161.2
020 _a978-966-1642-86-6
591 _aПасічник І. Д.
260 _aК.
_bРадуга
_c2012
650 7 _a82 Література. Літературознавство
_2UDC
999 _c396145
_d396145